| 000 | 00492nam a2200157 a 4500 | ||
|---|---|---|---|
| 001 | 000029918 | ||
| 005 | 20240226144121.0 | ||
| 008 | 110427s1928 dr 000 0 spa d | ||
| 040 |
_aDO-SdBNP _bspa _cBNPHU |
||
| 082 |
_axxx _bP422m |
||
| 100 | 1 |
_aPepín, Ercilia, _d1886-1939 _96456 |
|
| 245 | 1 | 0 |
_aMi homenaje a las madres y una ofrenda al libertador Sandino / _cErcilia Pepín. |
| 260 |
_aSantiago de los Caballeros : _bLa Información, _c1928. |
||
| 300 |
_a12 p. ; _c18 cm. |
||
| 049 | _aBNPD | ||
| 999 |
_c29410 _d29410 |
||